000 01587nam0a2200361 4500
001 RU\NLR\bibl\796824
005 20250614124418.0
010 _a5-88503-255-6
_bв обл.
_93000
021 _aRU
_b2005-242
_912
035 _aRSL-KNO-002562101
035 _a(NLR Aleph) 000786024
090 _a1092048
_c1092048
100 _a20050131d2005 |||y0rusy50 ca
101 0 _arus
_cita
102 _aRU
105 _aa |||||||||
106 _ar
200 1 _aНастоящий таиландский лечебный массаж
_fЭнрико Корси
_g[пер. Е. Федотовой]
210 _aМосква
_aСанкт-Петербург
_cДИЛЯ
_d2005
_gГПП Печ. Двор
215 _a153, [1] с.
_cцв. ил.
_d24
300 _aЗагл. и авт. ориг.: Il vero massaggio terapeuticot thailandese / Enrico Corsi
454 0 _12001#$aIl vero massaggio terapeuticot thailandese
_1700#1$aCorsi$bE.$gEnrico$4070
_tIl vero massaggio terapeuticot thailandese
_aCorsi, Enrico
606 1 _aМассаж тайский
_92116911
_3RU\NLR\auth\661278754
610 0 _aЗдравоохранение. Медицинские науки -- Общая терапия -- Физиотерапия и курортология -- Лечебная физическая культура -- Массаж
686 _aР354.12,0
_2rubbk
686 _aР354.12
700 1 _aКорси
_bЭ.
_gЭнрико
_4070
801 0 _aRU
_bRuMoRKP
_c20050131
_grcr
801 1 _aRU
_bRuMoRGB
_c20050131
801 2 _aRU
_bNLR
_c20050511
_gPSBO
942 _cBOOK
980 _aNB